000
00254nam a2200109Ia 4500
008
200302s9999 xx 000 0 und d
100
_a
Mies Van Der Rohe
245
_a
Crown Hall
260
_b
Birkhauser Publications, Basel
260
_c
2001
300
_a
83
999
_c
4622
_d
4622